[Event "Malmo"]
[Site "?"]
[Date "1987.??.??"]
[Round "?"]
[White "Kupreichik, V."]
[Black "Schussler, H."]
[Result "1-0"]
[WhiteElo "2500"]
[BlackElo "2490"]
[PlyCount "79"]
[EventDate "1987.??.??"]
[Source "ChessBase"]
[SourceDate "1988.01.01"]

1. e4 e5 2. Nf3 Nf6 3. Nxe5 d6 4. Nf3 Nxe4 5. c4 Nc6 6. Be2 Be7 7. O-O O-O 8. d4 Bf6 9. Nc3 Nxc3 10. bxc3 Re8 11. Be3 Ne7 12. Qd2 Bg4 13. h3 Bxf3 14. Bxf3 c6 15. Rab1 Rb8 16. Qc2 Ng6 17. Qa4 a6 18. Qb4 Bg5 19. Bxg5 Qxg5 20. Qxd6 Qd2 21. Qb4 Qg5 22. Qd6 Qd2 23. Qa3 Nh4 24. Bd1 Re1 25. Qc1 Rxf1+ 26. Kxf1 Qd3+ 27. Kg1 Qe4 28. f3 Qg6 29. Rb2 Qg3 30. Qe3 Ng6 31. Re2 Rf8 32. Qf2 Qc7 33. Bc2 Nf4 34. Re4 g6 35. Qh4 Ne6 36. c5 Qa5 37. Bb3 Qxc3 38. Qf6 Re8 39. Kh2 a5 40. Rf4 1-0

[Event "Open"]
[Site "Cappelle la Grande"]
[Date "2003.02.27"]
[Round "7"]
[White "Areshchenko, Alexander"]
[Black "Mista, Aleksander"]
[Result "1/2-1/2"]
[WhiteElo "2566"]
[BlackElo "2419"]
[PlyCount "50"]
[EventDate "2003.02.22"]
[Source "Roberto Alvarez"]
[SourceDate "2003.03.03"]

1. e4 e5 2. Nf3 Nf6 3. Nxe5 d6 4. Nf3 Nxe4 5. c4 Be7 6. Nc3 Nxc3 7. dxc3 O-O 8. Bd3 Nd7 9. Qc2 g6 10. Be3 Nc5 11. O-O-O Nxd3+ 12. Qxd3 Bf5 13. Qd2 c5 14. Bg5 Bxg5 15. Nxg5 Qa5 16. b3 b5 17. cxb5 c4 18. Kb2 Rab8 19. b4 Rxb5 20. Nf3 Rfb8 21. Nd4 Rxb4+ 22. cxb4 Rxb4+ 23. Nb3 Qb5 24. Qxd6 cxb3 25. Rd4 Rxd4 1/2-1/2

[Event "It \"]
[Site "Augsburg (Germany)"]
[Date "2007.12.29"]
[Round "2"]
[White "Rozentalis Eduardas (LTU)"]
[Black "Pitl Gregory (GER)"]
[Result "1-0"]
[WhiteElo "2581"]
[BlackElo "2403"]
[PlyCount "49"]
[EventDate "2007.??.??"]
[Source "www.chesslib.no"]
[SourceDate "2004.05.04"]

1. e4 e5 2. Nf3 Nf6 3. Nxe5 d6 4. Nf3 Nxe4 5. c4 Be7 6. d4 d5 7. Nc3 Nxc3 8. bxc3 O-O 9. Qc2 c5 10. Bd3 h6 11. O-O Be6 12. Re1 Nc6 13. Bf5 Bxf5 14. Qxf5 Bf6 15. Ba3 Ne7 16. Qh5 Rc8 17. Rad1 b6 18. dxc5 bxc5 19. cxd5 Bxc3 20. Re4 Qd6 21. Bc1 Ng6 22. Qf5 Rcd8 23. Rc4 Bd4 24. Nxd4 Qxd5 25. Rxc5 1-0

[Event "ARG-World"]
[Site "Buenos Aires"]
[Date "1994.??.??"]
[Round "1"]
[White "Tempone, Marcelo"]
[Black "Sorokin, Maxim"]
[Result "1/2-1/2"]
[WhiteElo "2460"]
[BlackElo "2520"]
[PlyCount "48"]
[EventDate "1994.04.??"]
[Source "ChessBase"]

1. e4 e5 2. Nf3 Nf6 3. Nxe5 d6 4. Nf3 Nxe4 5. c4 Be7 6. d4 d5 7. Nc3 Nxc3 8. bxc3 Be6 9. Qb3 b6 10. cxd5 Qxd5 11. c4 Qd6 12. Bd3 O-O 13. Be4 c6 14. O-O Nd7 15. a4 Qc7 16. Qc2 h6 17. Re1 Nf6 18. Bf5 Bxf5 19. Qxf5 Bb4 20. Bxh6 gxh6 21. Qxf6 Bxe1 22. Qxh6 Bb4 23. Qg5+ Kh7 24. Qh5+ Kg7 1/2-1/2

[Event "FSGM February"]
[Site "Budapest"]
[Date "2004.02.11"]
[Round "5"]
[White "Vajda, Levente"]
[Black "Seres, Lajos"]
[Result "1/2-1/2"]
[WhiteElo "2482"]
[BlackElo "2496"]
[PlyCount "83"]
[EventDate "2004.02.07"]
[Source "Roberto Alvarez"]
[SourceDate "2004.02.23"]

1. e4 e5 2. Nf3 Nf6 3. Nxe5 d6 4. Nf3 Nxe4 5. c4 Be7 6. Nc3 Nxc3 7. dxc3 O-O 8. Bd3 Nc6 9. Bf4 Re8 10. Kf1 Bf6 11. h4 h6 12. Bb1 Ne5 13. Qc2 Ng6 14. Be3 Be6 15. b3 c5 16. Qd2 Qa5 17. Bxg6 Bxc3 18. Bh7+ Kh8 19. Qd1 Bxa1 20. Bb1 Bf6 21. Qc2 g6 22. Bd2 Qc7 23. Bc3 Qe7 24. h5 Bf5 25. Qb2 Kg7 26. Bxf5 gxf5 27. Rh3 Bxc3 28. Qxc3+ Kh7 29. Kg1 Rad8 30. Rh4 d5 31. Rf4 Qe6 32. Qc2 Kg8 33. g3 dxc4 34. bxc4 Qe2 35. Qxf5 Rd1+ 36. Kh2 Qxf2+ 37. Kh3 Rh1+ 38. Kg4 Rf8 39. Ng5 Qe2+ 40. Rf3 Qxc4+ 41. Rf4 Qe2+ 42. Rf3 1/2-1/2

[Event "Zalakaros Open rap"]
[Site "Zalakaros"]
[Date "1992.??.??"]
[Round "4"]
[White "Tolnai, Tibor"]
[Black "Horvath, Csaba"]
[Result "0-1"]
[WhiteElo "2490"]
[BlackElo "2485"]
[PlyCount "56"]
[EventDate "1992.??.??"]
[Source "www.chesslib.no"]
[SourceDate "2004.05.04"]

1. e4 e5 2. Nf3 Nf6 3. Nxe5 d6 4. Nf3 Nxe4 5. c4 Nc6 6. d3 Nf6 7. d4 d5 8. Nc3 Be7 9. h3 O-O 10. a3 Be6 11. c5 Ne4 12. Bd3 Nxc3 13. bxc3 b6 14. cxb6 axb6 15. O-O Bf6 16. Re1 Re8 17. Bf4 g6 18. Bb5 Bd7 19. Rxe8+ Bxe8 20. Bxc6 Bxc6 21. Qd2 Be7 22. Re1 Bb5 23. Bg5 f6 24. Qe3 Bd6 25. Qe6+ Kg7 26. Bh4 Be8 27. Bg3 Bf7 28. Qe3 Rxa3 0-1

[Event "Sarajevo"]
[Site "Sarajevo"]
[Date "1981.??.??"]
[Round "6"]
[White "Martinovic, Slobodan"]
[Black "Kurajica, Bojan"]
[Result "1/2-1/2"]
[WhiteElo "2475"]
[BlackElo "2495"]
[PlyCount "108"]
[EventDate "1981.03.??"]
[Source "ChessBase"]

1. e4 e5 2. Nf3 Nf6 3. Nxe5 d6 4. Nf3 Nxe4 5. c4 Be7 6. Nc3 Ng5 7. Be2 O-O 8. d4 Nc6 9. d5 Nxf3+ 10. Bxf3 Ne5 11. Be2 f5 12. f4 Ng4 13. Bxg4 fxg4 14. Be3 Bh4+ 15. g3 Bf6 16. Qd2 Qe8 17. O-O-O Bxc3 18. Qxc3 Bf5 19. Bd4 Qf7 20. b3 b5 21. cxb5 a6 22. Rhe1 axb5 23. Re2 Rfe8 24. Rde1 Rxe2 25. Rxe2 Qxd5 26. Bxg7 b4 27. Qb2 Qc6+ 28. Kd2 Ra5 29. Bh8 Qd5+ 30. Ke1 Qh1+ 31. Kf2 Qxh2+ 32. Kf1 Qh1+ 33. Kf2 Qf3+ 34. Kg1 Qxg3+ 35. Rg2 Qe1+ 36. Kh2 Qh4+ 37. Kg1 Qh6 38. Rh2 Qf8 39. Rh5 Rc5 40. Rg5+ Bg6 41. Rxc5 dxc5 42. Be5 Qd8 43. Qe2 h5 44. f5 Bxf5 45. Qc4+ Kf8 46. Qxc5+ Ke8 47. Bxc7 Qd1+ 48. Kh2 Qd2+ 49. Kg1 Qe1+ 50. Kh2 Qe2+ 51. Kg3 Qf3+ 52. Kh4 g3 53. Qe5+ Kf7 54. Qxg3 Qg4+ 1/2-1/2

[Event "Noviki-A"]
[Site "Budapest"]
[Date "1987.??.??"]
[Round "?"]
[White "Kindermann, Stefan"]
[Black "Tischbierek, Raj"]
[Result "1/2-1/2"]
[WhiteElo "2490"]
[BlackElo "2480"]
[PlyCount "69"]
[EventDate "1987.09.??"]
[Source "ChessBase"]

1. e4 e5 2. Nf3 Nf6 3. Nxe5 d6 4. Nf3 Nxe4 5. c4 Nc6 6. Be2 Be7 7. O-O O-O 8. d4 Bf6 9. Be3 d5 10. Nc3 Nxc3 11. bxc3 dxc4 12. Bxc4 Bg4 13. h3 Bh5 14. Be2 Na5 15. Qa4 c6 16. c4 c5 17. Rad1 Bxf3 18. Bxf3 cxd4 19. c5 Qe8 20. Qxe8 Rfxe8 21. Bxd4 Bxd4 22. Rxd4 Rac8 23. Rd7 Rxc5 24. Bd5 Rf8 25. Rb1 g6 26. Rb4 Kh8 27. Rf4 Nc6 28. Rfxf7 Rxf7 29. Bxf7 Ne5 30. Rd8+ Kg7 31. Bd5 Rc7 32. f4 Nd3 33. g3 Nb4 34. Bb3 Nxa2 35. Bxa2 1/2-1/2

[Event "YUG-chT 52nd"]
[Site "?"]
[Date "2000.09.04"]
[Round "11"]
[White "Strikovic Aleksa"]
[Black "Nikcevic Nebojsa"]
[Result "1/2-1/2"]
[WhiteElo "2490"]
[BlackElo "2473"]
[PlyCount "48"]
[EventDate "2000.??.??"]
[Source "www.chesslib.no"]
[SourceDate "2004.05.04"]

1. e4 e5 2. Nf3 Nf6 3. Nxe5 d6 4. Nf3 Nxe4 5. c4 Bg4 6. d4 d5 7. a3 c6 8. Bd3 Bd6 9. h3 Bh5 10. O-O O-O 11. Re1 Re8 12. Nc3 Nxc3 13. Rxe8+ Qxe8 14. bxc3 dxc4 15. Bxc4 Nd7 16. Be2 Nf6 17. c4 c5 18. Be3 cxd4 19. Bxd4 Rd8 20. Qc2 b6 21. a4 Bxf3 22. Bxf3 Bh2+ 23. Kxh2 Rxd4 24. a5 Qe5+ 1/2-1/2

[Event "CRO-chT"]
[Site "Rabac"]
[Date "2003.09.10"]
[Round "4"]
[White "Fercec, Nenad"]
[Black "Horvath, Jozsef"]
[Result "1/2-1/2"]
[WhiteElo "2440"]
[BlackElo "2519"]
[PlyCount "38"]
[EventDate "2003.09.07"]
[Source "Roberto Alvarez"]
[SourceDate "2003.09.22"]

1. e4 e5 2. Nf3 Nf6 3. Nxe5 d6 4. Nf3 Nxe4 5. c4 Nc6 6. d3 Nf6 7. d4 d5 8. c5 Be7 9. Bb5 Bd7 10. Bxc6 Bxc6 11. Ne5 Bd7 12. Nc3 c6 13. O-O O-O 14. Bg5 Be6 15. Re1 Nd7 16. Bxe7 Qxe7 17. b4 Nxe5 18. Rxe5 b6 19. Rc1 bxc5 1/2-1/2

[Event "YUG-ch"]
[Site "?"]
[Date "1978.01.25"]
[Round "5"]
[White "Kurajica Bojan"]
[Black "Ostojic Predrag"]
[Result "1/2-1/2"]
[WhiteElo "2530"]
[BlackElo "2420"]
[PlyCount "52"]
[EventDate "1978.??.??"]
[Source "www.chesslib.no"]
[SourceDate "2004.05.04"]

1. e4 e5 2. Nf3 Nf6 3. Nxe5 d6 4. Nf3 Nxe4 5. c4 Be7 6. d4 O-O 7. Bd3 Nf6 8. h3 d5 9. O-O dxc4 10. Bxc4 Nbd7 11. Nc3 Nb6 12. Bb3 Nbd5 13. Re1 c6 14. Bg5 Be6 15. Rc1 h6 16. Nxd5 Nxd5 17. Bxe7 Qxe7 18. Bxd5 cxd5 19. Qb3 Rfc8 20. Ne5 Rc7 21. Rxc7 Qxc7 22. Nd3 b6 23. Rc1 Qd6 24. Qb5 Qe7 25. Ne5 Qh4 26. Qd3 Qd8 1/2-1/2

[Event "Chigorin mem"]
[Site "St Petersburg"]
[Date "1999.11.03"]
[Round "2"]
[White "Turov, Maxim"]
[Black "Skatchkov, Pavel"]
[Result "0-1"]
[WhiteElo "2529"]
[BlackElo "2416"]
[PlyCount "90"]
[EventDate "1999.11.02"]
[Source "ChessBase"]
[SourceDate "2000.02.01"]

1. e4 e5 2. Nf3 Nf6 3. Nxe5 d6 4. Nf3 Nxe4 5. c4 Be7 6. Be2 O-O 7. O-O Nc6 8. d4 Re8 9. d5 Ne5 10. Nd4 Bf6 11. Na3 c5 12. Ndc2 Ng6 13. Bd3 h6 14. f4 Re7 15. Ne3 Qe8 16. Nac2 a6 17. Ng4 Bxg4 18. Qxg4 b5 19. f5 bxc4 20. Bxc4 Qa4 21. Bb3 Bd4+ 22. Kh1 Qe8 23. Bxh6 Bxb2 24. Bg5 Nxg5 25. fxg6 Bxa1 26. Ba4 Qc8 27. Qxg5 Bf6 28. Rxf6 gxf6 29. Qxf6 Qf8 30. g7 Qd8 31. Qh6 f6 32. Ne3 Rxg7 33. Nf5 Qf8 34. Qe3 Rb8 35. h3 Rbb7 36. Qe6+ Kh8 37. Nxd6 Rb6 38. Nf7+ Qxf7 39. Qxb6 Qxd5 40. Qb8+ Rg8 41. Qb2 Qd4 42. Qc1 Kg7 43. Bc6 Rd8 44. Bf3 Re8 45. Qb1 Qb4 0-1

[Event "Hastings Challengers 9192"]
[Site "Hastings"]
[Date "1991.??.??"]
[Round "?"]
[White "Gurevich, Ilya"]
[Black "Howell, James C"]
[Result "1/2-1/2"]
[WhiteElo "2495"]
[BlackElo "2445"]
[PlyCount "82"]
[EventDate "1991.12.??"]
[Source "ChessBase"]

1. e4 e5 2. Nf3 Nf6 3. Nxe5 d6 4. Nf3 Nxe4 5. c4 Nc6 6. Be2 Be7 7. O-O O-O 8. Nc3 Nxc3 9. bxc3 Bf5 10. d4 Re8 11. Be3 Bg6 12. Qd2 Bf6 13. Rad1 Qd7 14. Qb2 Na5 15. Qb4 b6 16. Ne1 Rac8 17. Nd3 Bg5 18. Ne5 dxe5 19. Bxg5 exd4 20. Rxd4 Qe6 21. Bg4 Bf5 22. Bxf5 Qxf5 23. Rd5 Qe4 24. Qa4 c5 25. Qd7 h6 26. Bc1 Nxc4 27. Rdd1 Qc6 28. Qh3 Re6 29. f4 f6 30. f5 Re4 31. Rd3 Ne5 32. Rg3 Kh7 33. Bf4 Rd8 34. Rxg7+ Kxg7 35. Qxh6+ Kf7 36. Bxe5 Rxe5 37. Qh7+ Kf8 38. Qh8+ Ke7 39. Qg7+ Ke8 40. Qg8+ Ke7 41. Qg7+ Ke8 1/2-1/2

[Event "Open"]
[Site "?"]
[Date "1998.??.??"]
[Round "?"]
[White "Kuzmin Gennadi P"]
[Black "Strelnikov Oleg"]
[Result "1/2-1/2"]
[WhiteElo "2580"]
[BlackElo "2360"]
[PlyCount "100"]
[EventDate "1998.??.??"]
[Source "www.chesslib.no"]
[SourceDate "2004.05.04"]

1. e4 e5 2. Nf3 Nf6 3. Nxe5 d6 4. Nf3 Nxe4 5. c4 Be7 6. Nc3 Nxc3 7. dxc3 O-O 8. Bd3 Nd7 9. Qc2 g6 10. Bh6 Re8 11. O-O-O Nc5 12. Rde1 Bg4 13. Nd2 Bf6 14. h3 Bd7 15. Nf3 Bc6 16. Be3 Bxf3 17. gxf3 Nxd3+ 18. Qxd3 Re5 19. Rd1 Rf5 20. Rhg1 Rxf3 21. Qe4 Rxh3 22. Qxb7 Rb8 23. Qc6 Qe8 24. Qxe8+ Rxe8 25. c5 Be5 26. Kc2 Rxe3 27. fxe3 dxc5 28. Rd5 Bd6 29. Kd3 f6 30. a3 Kf7 31. b4 cxb4 32. axb4 h5 33. Ra5 Ra8 34. Rb1 h4 35. c4 h3 36. c5 Be5 37. Ke4 h2 38. Kf3 Ke6 39. e4 Rd8 40. Ra6+ Ke7 41. Rxa7 Rd2 42. b5 Rb2 43. Raa1 Rxb5 44. Rxb5 Bxa1 45. Kg2 Be5 46. Ra5 g5 47. Ra6 g4 48. Ra8 g3 49. Kh1 Kd7 50. Ra6 Ke7 1/2-1/2

[Event "Copenhagen Open 15th"]
[Site "Copenhagen DEN"]
[Date "1993.??.??"]
[Round "2"]
[White "Kupreichik, Viktor D"]
[Black "Christensen, Tobias"]
[Result "1/2-1/2"]
[WhiteElo "2560"]
[BlackElo "2380"]
[PlyCount "94"]
[EventDate "1993.06.??"]
[Source "www.chesslib.no"]
[SourceDate "2004.05.04"]

1. e4 e5 2. Nf3 Nf6 3. Nxe5 d6 4. Nf3 Nxe4 5. c4 Be7 6. d4 Bg4 7. h3 Bh5 8. Qb3 Nd7 9. Qxb7 Bxf3 10. gxf3 Ng5 11. f4 Ne6 12. Bg2 Rb8 13. Qxa7 Bf6 14. Be3 c5 15. O-O cxd4 16. Bc1 O-O 17. Na3 Ndc5 18. Nb5 Nd3 19. f5 Nxc1 20. Raxc1 Nf4 21. Rce1 Be5 22. Re4 Qg5 23. Rxf4 Qxf4 24. Rd1 d3 25. Qe3 Qxc4 26. Na3 Qxa2 27. Qxd3 Qxb2 28. Nc4 Qb3 29. Qxb3 Rxb3 30. Nxd6 Rb4 31. Ne4 Rfb8 32. Rd5 R4b5 33. Rd7 Bf4 34. f6 g6 35. Nc3 Rg5 36. Kf1 Be5 37. Nd5 Bxf6 38. Nxf6+ Kg7 39. Ng4 Rb1+ 40. Ke2 h5 41. f4 Rb2+ 42. Ke3 Rxg4 43. hxg4 Rxg2 44. gxh5 gxh5 45. Kf3 Rg1 46. Rd5 Kh6 47. Rd8 Kg7 1/2-1/2

[Event "Frunze"]
[Site "Frunze"]
[Date "1983.??.??"]
[Round "?"]
[White "Dolmatov, Sergey"]
[Black "Barua, Dibyendu"]
[Result "1/2-1/2"]
[WhiteElo "2550"]
[BlackElo "2390"]
[PlyCount "83"]
[EventDate "1983.05.??"]
[Source "ChessBase"]

1. e4 e5 2. Nf3 Nf6 3. Nxe5 d6 4. Nf3 Nxe4 5. c4 Be7 6. Nc3 Bf5 7. Nd5 O-O 8. Be2 Re8 9. O-O Nc6 10. d4 Bf8 11. Re1 Ne7 12. Ne3 Bg6 13. Nh4 c6 14. f3 Nf6 15. Bd2 d5 16. c5 a5 17. a3 a4 18. b4 b5 19. Nxg6 Nxg6 20. g3 Ne7 21. Bd3 g6 22. Ng2 Bg7 23. Bf4 Nc8 24. Qd2 Ra7 25. Rxe8+ Qxe8 26. Be5 Re7 27. g4 Nd7 28. Bxg7 Kxg7 29. Kf2 Nf8 30. h4 Ne6 31. h5 Qh8 32. Bc2 Kg8 33. Rd1 Qf6 34. Kg3 Ng5 35. Qf4 Qxf4+ 36. Kxf4 Ne6+ 37. Kg3 Ng5 38. Bd3 Kg7 39. hxg6 hxg6 40. Ne1 Ne6 41. Nc2 Ng5 42. Bf1 1/2-1/2

[Event "Bern zt"]
[Site "Bern"]
[Date "1990.??.??"]
[Round "6"]
[White "Bischoff, Klaus"]
[Black "Bruk, Ofer"]
[Result "1/2-1/2"]
[WhiteElo "2505"]
[BlackElo "2435"]
[PlyCount "33"]
[EventDate "1990.01.??"]
[Source "ChessBase"]

1. e4 e5 2. Nf3 Nf6 3. Nxe5 d6 4. Nf3 Nxe4 5. c4 Be7 6. Be2 O-O 7. O-O d5 8. d4 c5 9. cxd5 Qxd5 10. Be3 Nc6 11. Nc3 Nxc3 12. bxc3 cxd4 13. Nxd4 Nxd4 14. Bxd4 Bc5 15. Bf3 Qd6 16. Re1 Be6 17. Bxb7 1/2-1/2

[Event "YUG Cup"]
[Site "Herceg Novi"]
[Date "2001.09.08"]
[Round "6"]
[White "Sedlak, Nikola"]
[Black "Ivanovic, Bozidar"]
[Result "1/2-1/2"]
[WhiteElo "2457"]
[BlackElo "2479"]
[PlyCount "62"]
[EventDate "2001.09.03"]
[Source "ChessBase"]
[SourceDate "2001.10.26"]

1. e4 e5 2. Nf3 Nf6 3. Nxe5 d6 4. Nf3 Nxe4 5. c4 Be7 6. Nc3 Ng5 7. d4 O-O 8. Be2 c6 9. O-O Nxf3+ 10. Bxf3 Nd7 11. Be3 Nf6 12. d5 c5 13. h3 a6 14. a4 Re8 15. Qd2 Bf8 16. a5 Bf5 17. Na4 Ne4 18. Bxe4 Rxe4 19. Nb6 Rb8 20. f3 Re8 21. Rae1 Qf6 22. g4 Qg6 23. Kf2 Be7 24. Bf4 Bd3 25. Rg1 h6 26. Re3 Bh4+ 27. Kg2 Rxe3 28. Qxe3 Qf6 29. Rd1 Bc2 30. Rd2 Qg6 31. Re2 Rd8 1/2-1/2

[Event "DSV-Turnier"]
[Site "Potsdam"]
[Date "1985.??.??"]
[Round "4"]
[White "Ghinda, Mihail Viorel"]
[Black "Tischbierek, Raj"]
[Result "1/2-1/2"]
[WhiteElo "2475"]
[BlackElo "2460"]
[PlyCount "33"]
[EventDate "1985.04.03"]
[Source "ChessBase"]

1. e4 e5 2. Nf3 Nf6 3. Nxe5 d6 4. Nf3 Nxe4 5. c4 Be7 6. d4 Bg4 7. h3 Bh5 8. Bd3 Nf6 9. Nc3 O-O 10. Be3 c5 11. d5 Re8 12. O-O Nbd7 13. Be2 Bf8 14. Re1 Ne4 15. Nxe4 Rxe4 16. Nd2 Bxe2 17. Qxe2 1/2-1/2

[Event "Summer I"]
[Site "Alushta"]
[Date "2004.05.22"]
[Round "14"]
[White "Shtyrenkov, Veniamen"]
[Black "Rausis, Igors"]
[Result "1/2-1/2"]
[WhiteElo "2449"]
[BlackElo "2484"]
[PlyCount "50"]
[EventDate "2004.05.13"]
[Source "Roberto Alvarez"]
[SourceDate "2004.05.31"]

1. e4 e5 2. Nf3 Nf6 3. Nxe5 d6 4. Nf3 Nxe4 5. c4 Be6 6. d4 d5 7. Nc3 Nxc3 8. bxc3 dxc4 9. Rb1 Bd5 10. Ne5 a6 11. Bxc4 Bxc4 12. Nxc4 Qd5 13. Qe2+ Be7 14. O-O b5 15. Re1 Qe6 16. Ne5 O-O 17. Qe4 c6 18. Rb3 f6 19. Nxc6 Qxe4 20. Nxe7+ Qxe7 21. Rxe7 Nc6 22. Re6 Rac8 23. Be3 Kf7 24. Re4 f5 25. Rh4 h6 1/2-1/2

[Event "First Saturday GM - Settembre 2007"]
[Site "Budapest UNG"]
[Date "2007.09.03"]
[Round "3"]
[White "Mihok, Oliver"]
[Black "Nguyen Ngoc, Truong Son"]
[Result "0-1"]
[WhiteElo "2402"]
[BlackElo "2530"]
[PlyCount "72"]
[EventDate "2007.09.01"]
[Source "www.chesslib.no"]
[SourceDate "2004.05.04"]

1. e4 e5 2. Nf3 Nf6 3. Nxe5 d6 4. Nf3 Nxe4 5. c4 Nc6 6. Nc3 Nxc3 7. dxc3 Be7 8. Bd3 Bg4 9. Be4 Qc8 10. Qc2 Qe6 11. O-O Qxc4 12. Re1 Kf8 13. b3 Qb5 14. c4 Qh5 15. Bb2 Bf6 16. Bxf6 gxf6 17. Qc3 Qh6 18. Nd4 Bd7 19. Nxc6 bxc6 20. Qf3 Re8 21. Bxc6 Rxe1+ 22. Rxe1 Qd2 23. Rf1 Bxc6 24. Qxc6 Qa5 25. g3 Kg7 26. Qe4 Qxa2 27. Qg4+ Kf8 28. b4 h5 29. Qc8+ Kg7 30. Qxc7 h4 31. Qc6 hxg3 32. hxg3 Qe2 33. b5 Rh5 34. Kg2 Rf5 35. Kg1 Rh5 36. Rc1 d5 0-1

[Event "Petrosian Mem Open"]
[Site "Yerevan"]
[Date "2004.11.26"]
[Round "8"]
[White "Areshchenko, Alexander"]
[Black "Rukhaia, Kartlos"]
[Result "1-0"]
[WhiteElo "2580"]
[BlackElo "2342"]
[PlyCount "137"]
[EventDate "2004.11.18"]
[Source "Roberto Alvarez"]
[SourceDate "2004.11.29"]

1. e4 e5 2. Nf3 Nf6 3. Nxe5 d6 4. Nf3 Nxe4 5. c4 Nc6 6. Nc3 Nxc3 7. dxc3 Be7 8. Qc2 Bg4 9. Be3 Bh5 10. Bd3 Bg6 11. Bxg6 hxg6 12. O-O-O Qc8 13. h3 Qf5 14. Qb3 Qc8 15. Rd5 a6 16. h4 b6 17. Qa4 Qd7 18. c5 bxc5 19. Bxc5 Nd8 20. Qd1 Qg4 21. Bd4 Kf8 22. Be3 Rh5 23. Rd4 Qe6 24. Qa4 Rb5 25. c4 Rh5 26. g4 Rh8 27. Re1 c5 28. Rf4 Qc8 29. Re4 Ne6 30. g5 Kg8 31. Bd2 Bf8 32. Bc3 Qb7 33. Qd1 Rh5 34. Ba5 Rc8 35. Kb1 Qc6 36. b3 Rb8 37. Ka1 Rb7 38. Qd5 Qxd5 39. cxd5 Nd4 40. Nxd4 cxd4 41. Rxd4 f6 42. Bd2 Be7 43. Rg1 Kf7 44. Kb2 Rb8 45. Be3 a5 46. Ka3 Bd8 47. Rgg4 Rb5 48. Rd1 Rb8 49. Ka4 Rc8 50. Rc1 Rxc1 51. Bxc1 Ke7 52. Bd2 Bb6 53. Be3 Bd8 54. Kb5 Kd7 55. Bd2 Rh8 56. Ra4 Re8 57. Bxa5 Re5 58. Rd4 Bxa5 59. Kxa5 Re2 60. a4 Rxf2 61. gxf6 gxf6 62. Kb6 f5 63. a5 f4 64. b4 f3 65. Rf4 Rb2 66. b5 f2 67. a6 Kc8 68. a7 Ra2 69. Rxf2 1-0

[Event "Mondariz op"]
[Site "?"]
[Date "1998.??.??"]
[Round "?"]
[White "Vallejo Pons Francisco"]
[Black "Nikcevic Nebojsa"]
[Result "1-0"]
[WhiteElo "2415"]
[BlackElo "2505"]
[PlyCount "63"]
[EventDate "1998.??.??"]
[Source "www.chesslib.no"]
[SourceDate "2004.05.04"]

1. e4 e5 2. Nf3 Nf6 3. Nxe5 d6 4. Nf3 Nxe4 5. c4 Bg4 6. h3 Qe7 7. Be2 Bxf3 8. gxf3 Nf6 9. Nc3 c6 10. d4 g6 11. Bg5 Bg7 12. Qd2 h6 13. Be3 Nbd7 14. O-O-O O-O-O 15. f4 Ne4 16. Nxe4 Qxe4 17. Bd3 Qe7 18. h4 Nf6 19. f5 Ne4 20. Qa5 Kb8 21. Rde1 d5 22. f3 gxf5 23. fxe4 fxe4 24. Bc2 f5 25. c5 Rhf8 26. Bf4+ Ka8 27. Rh3 b6 28. cxb6 Bxd4 29. Bc7 Bxb6 30. Bxb6 d4 31. Bxd8 Rxd8 32. Qxf5 1-0

[Event "YUG-chT 52nd"]
[Site "?"]
[Date "2000.08.29"]
[Round "6"]
[White "Filipovic Branko"]
[Black "Nikcevic Nebojsa"]
[Result "1-0"]
[WhiteElo "2447"]
[BlackElo "2473"]
[PlyCount "143"]
[EventDate "2000.??.??"]
[Source "www.chesslib.no"]
[SourceDate "2004.05.04"]

1. e4 e5 2. Nf3 Nf6 3. Nxe5 d6 4. Nf3 Nxe4 5. c4 Bg4 6. Nc3 Nxc3 7. dxc3 Nd7 8. h3 Bh5 9. Qd5 Qe7+ 10. Be3 Bxf3 11. Qxf3 O-O-O 12. O-O-O Kb8 13. g3 Qf6 14. Qd5 Nb6 15. Qd2 Be7 16. Bd4 Qg5 17. Qxg5 Bxg5+ 18. f4 Bf6 19. Bxf6 gxf6 20. Re1 Rde8 21. Bd3 h6 22. b3 Kc8 23. Kd2 Rxe1 24. Rxe1 Kd8 25. Bf5 Nc8 26. Bxc8 Kxc8 27. Re7 Rf8 28. g4 Kd8 29. Re3 Rg8 30. Ke2 Kd7 31. Kf3 a6 32. Rd3 Re8 33. Re3 Rg8 34. Ke4 Re8+ 35. Kd4 Rf8 36. c5 Rh8 37. c4 Rd8 38. cxd6 Kxd6 39. Kc3 Rg8 40. Rd3+ Ke6 41. Rd5 Ke7 42. Rh5 Rd8 43. Rxh6 Rd1 44. g5 fxg5 45. fxg5 Rg1 46. h4 Rg4 47. Kb4 b5 48. Kc5 bxc4 49. bxc4 Kd7 50. a4 Rf4 51. Rxa6 Rxh4 52. Rf6 Ke7 53. a5 Rg4 54. Rf5 Kd8 55. Kb5 Rg1 56. Kc6 Rc1 57. c5 Ra1 58. Rxf7 Rxa5 59. Rd7+ Ke8 60. Rxc7 Ra6+ 61. Kb7 Rg6 62. c6 Rxg5 63. Rd7 Rb5+ 64. Kc7 Ra5 65. Rd1 Re5 66. Kc8 Re2 67. c7 Ke7 68. Rd7+ Ke8 69. Rd5 Ke7 70. Rb5 Rc2 71. Kb8 Kd7 72. Rb7 1-0

[Event "ESP-chT"]
[Site "Barcelona"]
[Date "2000.08.09"]
[Round "5"]
[White "Arizmendi Martinez, Julen Luis"]
[Black "Mellado Trivino, Juan"]
[Result "1/2-1/2"]
[WhiteElo "2456"]
[BlackElo "2463"]
[PlyCount "81"]
[EventDate "2000.08.05"]
[Source "ChessBase"]
[SourceDate "2000.09.14"]

1. e4 e5 2. Nf3 Nf6 3. Nxe5 d6 4. Nf3 Nxe4 5. c4 Nc6 6. Nc3 Nxc3 7. dxc3 Bf5 8. Qb3 Rb8 9. Be3 Be7 10. Qb5 Qd7 11. Nd4 Be4 12. Nxc6 Bxc6 13. Qh5 O-O 14. Bd3 g6 15. Qh6 Bxg2 16. Bd4 Bf6 17. Bxf6 Qe6+ 18. Be4 Qxf6 19. Bxg2 Rfe8+ 20. Kf1 Re5 21. h4 Rbe8 22. Rh3 Qe6 23. Re3 Qxc4+ 24. Kg1 Rxe3 25. fxe3 Qe2 26. Rf1 c6 27. Qf4 Qxe3+ 28. Qxe3 Rxe3 29. Kf2 Re5 30. Rd1 d5 31. Rd4 Kf8 32. c4 dxc4 33. Rxc4 a5 34. Rc3 Rb5 35. b3 Rb4 36. h5 a4 37. bxa4 Rxa4 38. a3 Kg7 39. hxg6 hxg6 40. Rb3 Kf6 41. Rxb7 1/2-1/2

[Event "XVII Festival"]
[Site "Abu Dhabi EAU"]
[Date "2007.08.15"]
[Round "4"]
[White "Durarbeyli, V."]
[Black "Saric, A."]
[Result "1-0"]
[WhiteElo "2416"]
[BlackElo "2499"]
[PlyCount "77"]
[EventDate "2007.08.12"]
[Source "www.chesslib.no"]
[SourceDate "2004.05.04"]

1. e4 e5 2. Nf3 Nf6 3. Nxe5 d6 4. Nf3 Nxe4 5. c4 Nc6 6. Nc3 Nxc3 7. dxc3 Bf5 8. Qb3 Qc8 9. Nd4 Nxd4 10. cxd4 Be7 11. Bd3 Qe6+ 12. Be3 Bxd3 13. Qxd3 d5 14. c5 O-O 15. O-O Rfe8 16. Bf4 Qd7 17. Be5 Bf8 18. Rae1 b6 19. b4 a5 20. a3 axb4 21. axb4 bxc5 22. dxc5 c6 23. Re3 Qg4 24. f4 f6 25. Rg3 Qe6 26. Bd4 Qf7 27. Qc3 Re4 28. h4 Ra4 29. Kh1 Kh8 30. Kg1 Kg8 31. Rff3 Kh8 32. h5 h6 33. Rg6 Qb7 34. Bxf6 gxf6 35. Qxf6+ Bg7 36. Rxh6+ Kg8 37. Rg3 Re7 38. Rxg7+ Rxg7 39. Qd8+ 1-0

[Event "Open"]
[Site "Cappelle la Grande"]
[Date "2003.02.24"]
[Round "4"]
[White "Kuzmin, Gennadi P"]
[Black "Murdzia, Piotr"]
[Result "1/2-1/2"]
[WhiteElo "2495"]
[BlackElo "2418"]
[PlyCount "58"]
[EventDate "2003.02.22"]
[Source "Roberto Alvarez"]
[SourceDate "2003.03.03"]

1. e4 e5 2. Nf3 Nf6 3. Nxe5 d6 4. Nf3 Nxe4 5. c4 Be7 6. Nc3 Nxc3 7. dxc3 O-O 8. Qc2 Nd7 9. Bd3 g6 10. Bh6 Re8 11. O-O Nc5 12. Rfe1 Bg4 13. Nd4 Bf8 14. Be3 Nxd3 15. Qxd3 Bg7 16. h3 Bd7 17. Qd2 Qh4 18. Bg5 Qh5 19. Ne2 h6 20. Be3 Bc6 21. Nf4 Qf5 22. Bd4 a6 23. Bxg7 Kxg7 24. Nd5 Bxd5 25. cxd5 Qf6 26. Rad1 Rad8 27. c4 b6 28. b4 Kh7 29. a3 Qh8 1/2-1/2

[Event "Zonal 2.5"]
[Site "?"]
[Date "2005.11.10"]
[Round "6"]
[White "Giaccio Alfredo"]
[Black "Pierrot Facundo"]
[Result "1/2-1/2"]
[WhiteElo "2468"]
[BlackElo "2445"]
[PlyCount "32"]
[EventDate "2005.??.??"]
[Source "www.chesslib.no"]
[SourceDate "2004.05.04"]

1. e4 e5 2. Nf3 Nf6 3. Nxe5 d6 4. Nf3 Nxe4 5. c4 Nc6 6. Nc3 Nxc3 7. dxc3 Bf5 8. Bd3 Bxd3 9. Qxd3 Be7 10. Bf4 Qd7 11. O-O O-O 12. c5 Rad8 13. Rad1 Qg4 14. Qe3 Rfe8 15. Rfe1 Bf8 16. Qc1 dxc5 1/2-1/2